| 000 | 00000nam 2200000zi 4500 |
| 001 | 9.919575 |
| 003 | CaOODSP |
| 005 | 20241119100939 |
| 006 | m o d f |
| 007 | cr mn||||||||| |
| 008 | 230127t20232023quca o f000 0 fre d |
| 020 | |a9780660473253 |
| 040 | |aCaOODSP|bfre|erda|cCaOODSP |
| 043 | |an-cn--- |
| 086 | 1 |aEn4-94/11-2023F-PDF |
| 245 | 00|aSachez stocker 11 : |btenue de registres sur votre système de stockage. |
| 250 | |a[Édition 2023]. |
| 264 | 1|a[Gatineau, Québec] : |bEnvironnement et changement climatique Canada = Environment and Climate Change Canada, |c[2023] |
| 264 | 4|c©2023 |
| 300 | |a1 ressource en ligne (2 pages non numérotées) : |billustration en couleur |
| 336 | |atexte|btxt|2rdacontent/fre |
| 337 | |ainformatique|bc|2rdamedia/fre |
| 338 | |aressource en ligne|bcr|2rdacarrier/fre |
| 500 | |aPublié aussi en anglais sous le titre : Tank tip 11: record keeping for your storage tank system. |
| 650 | 6|aRéservoirs de stockage de produits pétroliers|xDroit|zCanada. |
| 650 | 6|aProduits pétroliers|xStockage|xDroit|zCanada. |
| 710 | 1 |aCanada. |bEnvironnement et changement climatique Canada, |eorganisme de publication. |
| 775 | 08|tTank tip 11 : |w(CaOODSP)9.919574 |
| 795 | |tSachez stocker 11 : |b(2019)|w(CaOODSP)9.869044 |
| 856 | 40|qPDF|s330 Ko|uhttps://publications.gc.ca/collections/collection_2024/eccc/en4/En4-94-11-2023-fra.pdf |